000 00508pam a2200181 a 4500
001 1460973
005 20250313111219.0
008 860602s1986 ilu 000 0 eng
020 _a0802425283 (pbk.) :
_c$5.95
050 0 0 _aBV4501.2
_b.S794 1986
082 0 0 _a248.4
_219
100 1 _aStowell, Joseph M.
245 1 0 _aFan the flame /
_cby Joseph M. Stowell.
260 _aChicago :
_bMoody Press,
_cc1986.
300 _a138 p. ;
_c22 cm.
650 0 _aChristian life
_xBaptist authors.
942 _2lcc
_cBK
_n0
999 _c4748
_d4748